000 00525nam a2200169 a 4500
001 000007038
005 20200929154042.0
008 090904s2009 dr a 001 0 spa d
040 _aDO-SdBNP
_bspa
_cBNPHU
100 1 _aPeña Vásquez, Jesús
_919548
245 1 0 _aCuaderno bíblico :
_bnuevo testamento /
_cJesús Peña Vásquez.
260 _aSanto Domingo :
_bTaller,
_c2009.
300 _a200 p. :
_bil ;
_c19 cm.
490 1 _aTaller de fe
500 _aIncluye datos biográficos del autor
830 0 _aTaller de fe
_919549
999 _c6822
_d6822